000 00501nam a2200193Ia 4500
008 101110s9999 xx 000 0 und d
041 _aENGLISH
082 _bJR2493
100 _aJeet Publications
245 _aHow to speak and write Impressive English
365 _b16
520 _aEnglish
546 _aENGLISH
630 _aHow to speak and write Impressive English
650 _aEnglish
655 _aEnglish
730 _aHow to speak and write Impressive English
942 _cBOOK
999 _c794254
_d794251